Análisis multitemporal de la estructura del paisaje del Distrito Capital años 1991-2012
Gespeichert in:
| Hauptverfasser: | , |
|---|---|
| Körperschaft: | |
| Format: | Buch |
| Sprache: | Spanisch |
| Veröffentlicht: |
Bogotá
Alcaldía Mayor de Bogotá
2013
|
| Ausgabe: | 1a. ed |
| Schlagworte: | |
| Tags: |
Tag hinzufügen
Keine Tags, Fügen Sie den ersten Tag hinzu!
|
MARC
| LEADER | 00000cam a2200000 a 4500 | ||
|---|---|---|---|
| 001 | UCD0722 | ||
| 003 | CL-VaPUC | ||
| 008 | 151210e20130000ck |||||||||||||||||spa|d | ||
| 020 | |a 9789588576169 | ||
| 082 | 0 | 4 | |a 712 |b ISA |2 21 |
| 100 | 0 | |a Isaacs Cubides, Paola Johanna |e author |9 583727 | |
| 700 | 0 | |a Jaimes Sánchez, Vilma Isabel |e author |9 583728 | |
| 110 | 2 | |a Jardín Botánico José Celestino Mutis |e author |9 583729 | |
| 245 | 1 | 0 | |a Análisis multitemporal de la estructura del paisaje del Distrito Capital años 1991-2012 |
| 250 | |a 1a. ed | ||
| 300 | |a 67 p | ||
| 942 | |c BK | ||
| 945 | |d 20151210 22:58:00 |a arojas | ||
| 260 | |a Bogotá |b Alcaldía Mayor de Bogotá |c 2013 | ||
| 650 | 0 | |a Paisajes urbanos |9 545420 | |
| 650 | 0 | |a Paisajismo |9 269021 | |
| 650 | 0 | |a Urbanismo |9 255208 | |
| 651 | 0 | |a Bogotá |9 323524 | |
| 583 | |a last modification |c 20151210 22:58:00 |k Rodrigo Vera | ||
| 999 | |c 362184 |d 362182 | ||
| 952 | |0 0 |1 0 |3 erb |4 0 |6 712_000000000000000_ISA_2013 |7 0 |8 C |9 473140 |a BIBCUR |b BIBCUR |i 5256623 |o 712 ISA 2013 |p 5256623 |r 2025-04-22 |w 2019-11-24 |y BK |z Catalogado en:20151210 |k CAC | ||